Слов'янський острів (Запис № 18591)
[ простий вигляд ]
| 000 -Маркер запису | |
|---|---|
| Контрольне поле сталої довжини | 01764nam a22002537a 4500 |
| 003 - Належність контрольного номера | |
| Контрольне поле | Uzh_bibl |
| 008 - Кодовані дані | |
| Контрольне поле сталої довжини | 260629b |||||||| |||| 00| 0 ukr d |
| 020 ## - Індекс ISBN | |
| Ціна | 1.60 |
| 040 ## - Джерело каталогіз. | |
| Служба первин.кат. | укр. |
| 041 ## - Код мови видання | |
| Код мови оригіналу | українська |
| Код мови тексту | українська |
| 080 ## - Індекс УДК | |
| Індекс УДК | 821(477) |
| 090 ## - Шифри | |
| Поличний індекс | 821(477) |
| Авторський знак | Г 69 |
| 100 ## - Автор | |
| Автор | Горлач, Леонід |
| 245 ## - Назва | |
| Назва | Слов'янський острів |
| Відповідальність | Післям. Д.С. Наливайка |
| Фізичний носій | Текст |
| 260 ## - Вихідні дані | |
| Місце видання | Київ |
| Видавництво | Радянський письменник |
| Дата видання | 1986 |
| 300 ## - Фізичний опис | |
| Обсяг | 238 с. |
| Тип одиниці | В опр. |
| 520 ## - Анотація | |
| Анотація | «Слов'янський острів» — роман у віршах українського радянського поета, лауреата Республіканської премії їм. М. Островського. В ньому показано боротьбу чеського народу проти хрестоносців в XV ст.<br/>Своїх героїв - борців за народну волю Яна Гуса і Яна Жижку — поет змальовує на широкому історичному тлі.<br/>Активне розвінчування релігійних догматів і возвеличення народних мас. Художня тканина його приваблює деталізацією реалій, зримістю зображуваних подій знанням побуту. |
| 521 ## - Примітка про цільове призначення | |
| Примітка про цільове призначення | Для широкого кола читачів |
| 546 ## - Примітка про мову | |
| Примітка про мову | укр. |
| 650 ## - Тематичні рубрики | |
| Типове ділення | Літературно-художнє видання |
| Хронологічна підрубрика | XV століття |
| Географічна підрубрика | Чехія |
| 653 ## - Ключові слова | |
| Ключові слова | Чехія |
| -- | Гус |
| -- | Жижка |
| -- | Боротьба |
| -- | Свобода |
| 655 ## - Термін індексування — жанр/форма | |
| Жанр/форма | Роман у віршах |
| Типове ділення | Історичний роман |
| 942 ## - ADDED ENTRY ELEMENTS (KOHA) | |
| Джерело класифікації чи схема поличного розташування | |
| Koha item type | Книги |
| Статус вилучення | Статус втрати/відсутності | Джерело класифікації чи схема поличного розташування | Статус пошкодження | Тип обігу (не для випозичання) | Постійне розташування | Поточне розташування | Розташування у відділі | Дата надходження | Інвентарний номер | Total Checkouts | Повний (примірниковий) шифр зберігання | Штрих-код | Date last seen | Дата, для якої чинна ціна заміни | Тип одиниці (рівень примірника) |
|---|---|---|---|---|---|---|---|---|---|---|---|---|---|---|---|
| Публічна бібліотека | Публічна бібліотека | Абонемент | 29/06/2026 | 29284 | 821(477) | 20626 | 29/06/2026 | 29/06/2026 | Книги |